<?xml version="1.0" encoding="UTF-8"?><marc:collection xmlns:marc="http://www.loc.gov/MARC21/slim">
  <marc:record>
    <marc:leader>00000nim  2200000zi 4500</marc:leader>
    <marc:controlfield tag="001">9.878575</marc:controlfield>
    <marc:controlfield tag="003">CaOODSP</marc:controlfield>
    <marc:controlfield tag="005">20221107165258</marc:controlfield>
    <marc:controlfield tag="006">m    go  h f      </marc:controlfield>
    <marc:controlfield tag="007">cr nna|||a||||</marc:controlfield>
    <marc:controlfield tag="008">190827s2011    oncnnnn o||||||nn n fre d</marc:controlfield>
    <marc:datafield tag="040" ind1=" " ind2=" ">
      <marc:subfield code="a">CaOODSP</marc:subfield>
      <marc:subfield code="b">fre</marc:subfield>
      <marc:subfield code="e">rda</marc:subfield>
      <marc:subfield code="c">CaOODSP</marc:subfield>
    </marc:datafield>
    <marc:datafield tag="043" ind1=" " ind2=" ">
      <marc:subfield code="a">n-cn---</marc:subfield>
    </marc:datafield>
    <marc:datafield tag="086" ind1="1" ind2=" ">
      <marc:subfield code="a">SC103-29/8-2011-3F-MP3</marc:subfield>
    </marc:datafield>
    <marc:datafield tag="245" ind1="0" ind2="0">
      <marc:subfield code="a">[Courts messages téléphoniques].</marc:subfield>
    </marc:datafield>
    <marc:datafield tag="264" ind1=" " ind2="1">
      <marc:subfield code="a">[Ottawa] : </marc:subfield>
      <marc:subfield code="b">[École de la fonction publique du Canada], </marc:subfield>
      <marc:subfield code="c">[2011]</marc:subfield>
    </marc:datafield>
    <marc:datafield tag="300" ind1=" " ind2=" ">
      <marc:subfield code="a">1 ressource en ligne (53 audios en streaming) </marc:subfield>
    </marc:datafield>
    <marc:datafield tag="336" ind1=" " ind2=" ">
      <marc:subfield code="a">parole énoncée</marc:subfield>
      <marc:subfield code="b">spw</marc:subfield>
      <marc:subfield code="2">rdacontent/fre</marc:subfield>
    </marc:datafield>
    <marc:datafield tag="337" ind1=" " ind2=" ">
      <marc:subfield code="a">informatique</marc:subfield>
      <marc:subfield code="b">c</marc:subfield>
      <marc:subfield code="2">rdamedia/fre</marc:subfield>
    </marc:datafield>
    <marc:datafield tag="338" ind1=" " ind2=" ">
      <marc:subfield code="a">ressource en ligne</marc:subfield>
      <marc:subfield code="b">cr</marc:subfield>
      <marc:subfield code="2">rdacarrier/fre</marc:subfield>
    </marc:datafield>
    <marc:datafield tag="500" ind1=" " ind2=" ">
      <marc:subfield code="a">Titre fourni par l'éditeur.</marc:subfield>
    </marc:datafield>
    <marc:datafield tag="538" ind1=" " ind2=" ">
      <marc:subfield code="a">Mode d'accès : World Wide Web.</marc:subfield>
    </marc:datafield>
    <marc:datafield tag="580" ind1=" " ind2=" ">
      <marc:subfield code="a">Publication d'accompagnement à: Préparation à l'évaluation du français langue second. Compétence orale - niveaux B et C.</marc:subfield>
    </marc:datafield>
    <marc:datafield tag="655" ind1=" " ind2="7">
      <marc:subfield code="a">Enregistrements sonores</marc:subfield>
      <marc:subfield code="2">rvmgf</marc:subfield>
    </marc:datafield>
    <marc:datafield tag="692" ind1="0" ind2="7">
      <marc:subfield code="2">gccst</marc:subfield>
      <marc:subfield code="a">Évaluation de la langue seconde</marc:subfield>
    </marc:datafield>
    <marc:datafield tag="692" ind1="0" ind2="7">
      <marc:subfield code="2">gccst</marc:subfield>
      <marc:subfield code="a">Français langue seconde</marc:subfield>
    </marc:datafield>
    <marc:datafield tag="692" ind1="0" ind2="7">
      <marc:subfield code="2">gccst</marc:subfield>
      <marc:subfield code="a">Enregistrement sonore</marc:subfield>
    </marc:datafield>
    <marc:datafield tag="710" ind1="2" ind2=" ">
      <marc:subfield code="a">École de la fonction publique du Canada.</marc:subfield>
    </marc:datafield>
    <marc:datafield tag="856" ind1="4" ind2="0">
      <marc:subfield code="q">MP3</marc:subfield>
      <marc:subfield code="s">299 Ko</marc:subfield>
      <marc:subfield code="u">https://publications.gc.ca/collections/collection_2019/efpc-csps/SC103-29-8-2011-3/SC103-29-8-2011-3-1-fra.mp3</marc:subfield>
      <marc:subfield code="z">No. 1</marc:subfield>
    </marc:datafield>
    <marc:datafield tag="856" ind1="4" ind2="0">
      <marc:subfield code="q">MP3</marc:subfield>
      <marc:subfield code="s">372 Ko</marc:subfield>
      <marc:subfield code="u">https://publications.gc.ca/collections/collection_2019/efpc-csps/SC103-29-8-2011-3/SC103-29-8-2011-3-2-fra.mp3</marc:subfield>
      <marc:subfield code="z">No. 2</marc:subfield>
    </marc:datafield>
    <marc:datafield tag="856" ind1="4" ind2="0">
      <marc:subfield code="q">MP3</marc:subfield>
      <marc:subfield code="s">395 Ko</marc:subfield>
      <marc:subfield code="u">https://publications.gc.ca/collections/collection_2019/efpc-csps/SC103-29-8-2011-3/SC103-29-8-2011-3-3-fra.mp3</marc:subfield>
      <marc:subfield code="z">No. 3</marc:subfield>
    </marc:datafield>
    <marc:datafield tag="856" ind1="4" ind2="0">
      <marc:subfield code="q">MP3</marc:subfield>
      <marc:subfield code="s">397 Ko</marc:subfield>
      <marc:subfield code="u">https://publications.gc.ca/collections/collection_2019/efpc-csps/SC103-29-8-2011-3/SC103-29-8-2011-3-4-fra.mp3</marc:subfield>
      <marc:subfield code="z">No. 4</marc:subfield>
    </marc:datafield>
    <marc:datafield tag="856" ind1="4" ind2="0">
      <marc:subfield code="q">MP3</marc:subfield>
      <marc:subfield code="s">407 Ko</marc:subfield>
      <marc:subfield code="u">https://publications.gc.ca/collections/collection_2019/efpc-csps/SC103-29-8-2011-3/SC103-29-8-2011-3-5-fra.mp3</marc:subfield>
      <marc:subfield code="z">No. 5</marc:subfield>
    </marc:datafield>
    <marc:datafield tag="856" ind1="4" ind2="0">
      <marc:subfield code="q">MP3</marc:subfield>
      <marc:subfield code="s">439 Ko</marc:subfield>
      <marc:subfield code="u">https://publications.gc.ca/collections/collection_2019/efpc-csps/SC103-29-8-2011-3/SC103-29-8-2011-3-6-fra.mp3</marc:subfield>
      <marc:subfield code="z">No. 6</marc:subfield>
    </marc:datafield>
    <marc:datafield tag="856" ind1="4" ind2="0">
      <marc:subfield code="q">MP3</marc:subfield>
      <marc:subfield code="s">450 Ko</marc:subfield>
      <marc:subfield code="u">https://publications.gc.ca/collections/collection_2019/efpc-csps/SC103-29-8-2011-3/SC103-29-8-2011-3-7-fra.mp3</marc:subfield>
      <marc:subfield code="z">No. 7</marc:subfield>
    </marc:datafield>
    <marc:datafield tag="856" ind1="4" ind2="0">
      <marc:subfield code="q">MP3</marc:subfield>
      <marc:subfield code="s">442 Ko</marc:subfield>
      <marc:subfield code="u">https://publications.gc.ca/collections/collection_2019/efpc-csps/SC103-29-8-2011-3/SC103-29-8-2011-3-8-fra.mp3</marc:subfield>
      <marc:subfield code="z">No. 8</marc:subfield>
    </marc:datafield>
    <marc:datafield tag="856" ind1="4" ind2="0">
      <marc:subfield code="q">MP3</marc:subfield>
      <marc:subfield code="s">449 Ko</marc:subfield>
      <marc:subfield code="u">https://publications.gc.ca/collections/collection_2019/efpc-csps/SC103-29-8-2011-3/SC103-29-8-2011-3-9-fra.mp3</marc:subfield>
      <marc:subfield code="z">No. 9</marc:subfield>
    </marc:datafield>
    <marc:datafield tag="856" ind1="4" ind2="0">
      <marc:subfield code="q">MP3</marc:subfield>
      <marc:subfield code="s">500 Ko</marc:subfield>
      <marc:subfield code="u">https://publications.gc.ca/collections/collection_2019/efpc-csps/SC103-29-8-2011-3/SC103-29-8-2011-3-10-fra.mp3</marc:subfield>
      <marc:subfield code="z">No. 10</marc:subfield>
    </marc:datafield>
    <marc:datafield tag="856" ind1="4" ind2="0">
      <marc:subfield code="q">MP3</marc:subfield>
      <marc:subfield code="s">498 Ko</marc:subfield>
      <marc:subfield code="u">https://publications.gc.ca/collections/collection_2019/efpc-csps/SC103-29-8-2011-3/SC103-29-8-2011-3-11-fra.mp3</marc:subfield>
      <marc:subfield code="z">No. 11</marc:subfield>
    </marc:datafield>
    <marc:datafield tag="856" ind1="4" ind2="0">
      <marc:subfield code="q">MP3</marc:subfield>
      <marc:subfield code="s">518 Ko</marc:subfield>
      <marc:subfield code="u">https://publications.gc.ca/collections/collection_2019/efpc-csps/SC103-29-8-2011-3/SC103-29-8-2011-3-12-fra.mp3</marc:subfield>
      <marc:subfield code="z">No. 12</marc:subfield>
    </marc:datafield>
    <marc:datafield tag="856" ind1="4" ind2="0">
      <marc:subfield code="q">MP3</marc:subfield>
      <marc:subfield code="s">552 Ko</marc:subfield>
      <marc:subfield code="u">https://publications.gc.ca/collections/collection_2019/efpc-csps/SC103-29-8-2011-3/SC103-29-8-2011-3-13-fra.mp3</marc:subfield>
      <marc:subfield code="z">No. 13</marc:subfield>
    </marc:datafield>
    <marc:datafield tag="856" ind1="4" ind2="0">
      <marc:subfield code="q">MP3</marc:subfield>
      <marc:subfield code="s">528 Ko</marc:subfield>
      <marc:subfield code="u">https://publications.gc.ca/collections/collection_2019/efpc-csps/SC103-29-8-2011-3/SC103-29-8-2011-3-14-fra.mp3</marc:subfield>
      <marc:subfield code="z">No. 14</marc:subfield>
    </marc:datafield>
    <marc:datafield tag="856" ind1="4" ind2="0">
      <marc:subfield code="q">MP3</marc:subfield>
      <marc:subfield code="s">573 Ko</marc:subfield>
      <marc:subfield code="u">https://publications.gc.ca/collections/collection_2019/efpc-csps/SC103-29-8-2011-3/SC103-29-8-2011-3-15-fra.mp3</marc:subfield>
      <marc:subfield code="z">No. 15</marc:subfield>
    </marc:datafield>
    <marc:datafield tag="856" ind1="4" ind2="0">
      <marc:subfield code="q">MP3</marc:subfield>
      <marc:subfield code="s">547 Ko</marc:subfield>
      <marc:subfield code="u">https://publications.gc.ca/collections/collection_2019/efpc-csps/SC103-29-8-2011-3/SC103-29-8-2011-3-16-fra.mp3</marc:subfield>
      <marc:subfield code="z">No. 16</marc:subfield>
    </marc:datafield>
    <marc:datafield tag="856" ind1="4" ind2="0">
      <marc:subfield code="q">MP3</marc:subfield>
      <marc:subfield code="s">550 Ko</marc:subfield>
      <marc:subfield code="u">https://publications.gc.ca/collections/collection_2019/efpc-csps/SC103-29-8-2011-3/SC103-29-8-2011-3-17-fra.mp3</marc:subfield>
      <marc:subfield code="z">No. 17</marc:subfield>
    </marc:datafield>
    <marc:datafield tag="856" ind1="4" ind2="0">
      <marc:subfield code="q">MP3</marc:subfield>
      <marc:subfield code="s">555 Ko</marc:subfield>
      <marc:subfield code="u">https://publications.gc.ca/collections/collection_2019/efpc-csps/SC103-29-8-2011-3/SC103-29-8-2011-3-18-fra.mp3</marc:subfield>
      <marc:subfield code="z">No. 18</marc:subfield>
    </marc:datafield>
    <marc:datafield tag="856" ind1="4" ind2="0">
      <marc:subfield code="q">MP3</marc:subfield>
      <marc:subfield code="s">533 Ko</marc:subfield>
      <marc:subfield code="u">https://publications.gc.ca/collections/collection_2019/efpc-csps/SC103-29-8-2011-3/SC103-29-8-2011-3-19-fra.mp3</marc:subfield>
      <marc:subfield code="z">No. 19</marc:subfield>
    </marc:datafield>
    <marc:datafield tag="856" ind1="4" ind2="0">
      <marc:subfield code="q">MP3</marc:subfield>
      <marc:subfield code="s">598 Ko</marc:subfield>
      <marc:subfield code="u">https://publications.gc.ca/collections/collection_2019/efpc-csps/SC103-29-8-2011-3/SC103-29-8-2011-3-20-fra.mp3</marc:subfield>
      <marc:subfield code="z">No. 20</marc:subfield>
    </marc:datafield>
    <marc:datafield tag="856" ind1="4" ind2="0">
      <marc:subfield code="q">MP3</marc:subfield>
      <marc:subfield code="s">581 Ko</marc:subfield>
      <marc:subfield code="u">https://publications.gc.ca/collections/collection_2019/efpc-csps/SC103-29-8-2011-3/SC103-29-8-2011-3-21-fra.mp3</marc:subfield>
      <marc:subfield code="z">No. 21</marc:subfield>
    </marc:datafield>
    <marc:datafield tag="856" ind1="4" ind2="0">
      <marc:subfield code="q">MP3</marc:subfield>
      <marc:subfield code="s">628 Ko</marc:subfield>
      <marc:subfield code="u">https://publications.gc.ca/collections/collection_2019/efpc-csps/SC103-29-8-2011-3/SC103-29-8-2011-3-22-fra.mp3</marc:subfield>
      <marc:subfield code="z">No. 22</marc:subfield>
    </marc:datafield>
    <marc:datafield tag="856" ind1="4" ind2="0">
      <marc:subfield code="q">MP3</marc:subfield>
      <marc:subfield code="s">609 Ko</marc:subfield>
      <marc:subfield code="u">https://publications.gc.ca/collections/collection_2019/efpc-csps/SC103-29-8-2011-3/SC103-29-8-2011-3-23-fra.mp3</marc:subfield>
      <marc:subfield code="z">No. 23</marc:subfield>
    </marc:datafield>
    <marc:datafield tag="856" ind1="4" ind2="0">
      <marc:subfield code="q">MP3</marc:subfield>
      <marc:subfield code="s">648 Ko</marc:subfield>
      <marc:subfield code="u">https://publications.gc.ca/collections/collection_2019/efpc-csps/SC103-29-8-2011-3/SC103-29-8-2011-3-24-fra.mp3</marc:subfield>
      <marc:subfield code="z">No. 24</marc:subfield>
    </marc:datafield>
    <marc:datafield tag="856" ind1="4" ind2="0">
      <marc:subfield code="q">MP3</marc:subfield>
      <marc:subfield code="s">638 Ko</marc:subfield>
      <marc:subfield code="u">https://publications.gc.ca/collections/collection_2019/efpc-csps/SC103-29-8-2011-3/SC103-29-8-2011-3-25-fra.mp3</marc:subfield>
      <marc:subfield code="z">No. 25</marc:subfield>
    </marc:datafield>
    <marc:datafield tag="856" ind1="4" ind2="0">
      <marc:subfield code="q">MP3</marc:subfield>
      <marc:subfield code="s">644 Ko</marc:subfield>
      <marc:subfield code="u">https://publications.gc.ca/collections/collection_2019/efpc-csps/SC103-29-8-2011-3/SC103-29-8-2011-3-26-fra.mp3</marc:subfield>
      <marc:subfield code="z">No. 26</marc:subfield>
    </marc:datafield>
    <marc:datafield tag="856" ind1="4" ind2="0">
      <marc:subfield code="q">MP3</marc:subfield>
      <marc:subfield code="s">642 Ko</marc:subfield>
      <marc:subfield code="u">https://publications.gc.ca/collections/collection_2019/efpc-csps/SC103-29-8-2011-3/SC103-29-8-2011-3-27-fra.mp3</marc:subfield>
      <marc:subfield code="z">No. 27</marc:subfield>
    </marc:datafield>
    <marc:datafield tag="856" ind1="4" ind2="0">
      <marc:subfield code="q">MP3</marc:subfield>
      <marc:subfield code="s">648 Ko</marc:subfield>
      <marc:subfield code="u">https://publications.gc.ca/collections/collection_2019/efpc-csps/SC103-29-8-2011-3/SC103-29-8-2011-3-28-fra.mp3</marc:subfield>
      <marc:subfield code="z">No. 28</marc:subfield>
    </marc:datafield>
    <marc:datafield tag="856" ind1="4" ind2="0">
      <marc:subfield code="q">MP3</marc:subfield>
      <marc:subfield code="s">671 Ko</marc:subfield>
      <marc:subfield code="u">https://publications.gc.ca/collections/collection_2019/efpc-csps/SC103-29-8-2011-3/SC103-29-8-2011-3-29-fra.mp3</marc:subfield>
      <marc:subfield code="z">No. 29</marc:subfield>
    </marc:datafield>
    <marc:datafield tag="856" ind1="4" ind2="0">
      <marc:subfield code="q">MP3</marc:subfield>
      <marc:subfield code="s">705 Ko</marc:subfield>
      <marc:subfield code="u">https://publications.gc.ca/collections/collection_2019/efpc-csps/SC103-29-8-2011-3/SC103-29-8-2011-3-30-fra.mp3</marc:subfield>
      <marc:subfield code="z">No. 30</marc:subfield>
    </marc:datafield>
    <marc:datafield tag="856" ind1="4" ind2="0">
      <marc:subfield code="q">MP3</marc:subfield>
      <marc:subfield code="s">678 Ko</marc:subfield>
      <marc:subfield code="u">https://publications.gc.ca/collections/collection_2019/efpc-csps/SC103-29-8-2011-3/SC103-29-8-2011-3-31-fra.mp3</marc:subfield>
      <marc:subfield code="z">No. 31</marc:subfield>
    </marc:datafield>
    <marc:datafield tag="856" ind1="4" ind2="0">
      <marc:subfield code="q">MP3</marc:subfield>
      <marc:subfield code="s">710 Ko</marc:subfield>
      <marc:subfield code="u">https://publications.gc.ca/collections/collection_2019/efpc-csps/SC103-29-8-2011-3/SC103-29-8-2011-3-32-fra.mp3</marc:subfield>
      <marc:subfield code="z">No. 32</marc:subfield>
    </marc:datafield>
    <marc:datafield tag="856" ind1="4" ind2="0">
      <marc:subfield code="q">MP3</marc:subfield>
      <marc:subfield code="s">686 Ko</marc:subfield>
      <marc:subfield code="u">https://publications.gc.ca/collections/collection_2019/efpc-csps/SC103-29-8-2011-3/SC103-29-8-2011-3-33-fra.mp3</marc:subfield>
      <marc:subfield code="z">No. 33</marc:subfield>
    </marc:datafield>
    <marc:datafield tag="856" ind1="4" ind2="0">
      <marc:subfield code="q">MP3</marc:subfield>
      <marc:subfield code="s">651 Ko</marc:subfield>
      <marc:subfield code="u">https://publications.gc.ca/collections/collection_2019/efpc-csps/SC103-29-8-2011-3/SC103-29-8-2011-3-34-fra.mp3</marc:subfield>
      <marc:subfield code="z">No. 34</marc:subfield>
    </marc:datafield>
    <marc:datafield tag="856" ind1="4" ind2="0">
      <marc:subfield code="q">MP3</marc:subfield>
      <marc:subfield code="s">704 Ko</marc:subfield>
      <marc:subfield code="u">https://publications.gc.ca/collections/collection_2019/efpc-csps/SC103-29-8-2011-3/SC103-29-8-2011-3-35-fra.mp3</marc:subfield>
      <marc:subfield code="z">No. 35</marc:subfield>
    </marc:datafield>
    <marc:datafield tag="856" ind1="4" ind2="0">
      <marc:subfield code="q">MP3</marc:subfield>
      <marc:subfield code="s">717 Ko</marc:subfield>
      <marc:subfield code="u">https://publications.gc.ca/collections/collection_2019/efpc-csps/SC103-29-8-2011-3/SC103-29-8-2011-3-36-fra.mp3</marc:subfield>
      <marc:subfield code="z">No. 36</marc:subfield>
    </marc:datafield>
    <marc:datafield tag="856" ind1="4" ind2="0">
      <marc:subfield code="q">MP3</marc:subfield>
      <marc:subfield code="s">702 Ko</marc:subfield>
      <marc:subfield code="u">https://publications.gc.ca/collections/collection_2019/efpc-csps/SC103-29-8-2011-3/SC103-29-8-2011-3-37-fra.mp3</marc:subfield>
      <marc:subfield code="z">No. 37</marc:subfield>
    </marc:datafield>
    <marc:datafield tag="856" ind1="4" ind2="0">
      <marc:subfield code="q">MP3</marc:subfield>
      <marc:subfield code="s">730 Ko</marc:subfield>
      <marc:subfield code="u">https://publications.gc.ca/collections/collection_2019/efpc-csps/SC103-29-8-2011-3/SC103-29-8-2011-3-38-fra.mp3</marc:subfield>
      <marc:subfield code="z">No. 38</marc:subfield>
    </marc:datafield>
    <marc:datafield tag="856" ind1="4" ind2="0">
      <marc:subfield code="q">MP3</marc:subfield>
      <marc:subfield code="s">731 Ko</marc:subfield>
      <marc:subfield code="u">https://publications.gc.ca/collections/collection_2019/efpc-csps/SC103-29-8-2011-3/SC103-29-8-2011-3-39-fra.mp3</marc:subfield>
      <marc:subfield code="z">No. 39</marc:subfield>
    </marc:datafield>
    <marc:datafield tag="856" ind1="4" ind2="0">
      <marc:subfield code="q">MP3</marc:subfield>
      <marc:subfield code="s">729 Ko</marc:subfield>
      <marc:subfield code="u">https://publications.gc.ca/collections/collection_2019/efpc-csps/SC103-29-8-2011-3/SC103-29-8-2011-3-40-fra.mp3</marc:subfield>
      <marc:subfield code="z">No. 40</marc:subfield>
    </marc:datafield>
    <marc:datafield tag="856" ind1="4" ind2="0">
      <marc:subfield code="q">MP3</marc:subfield>
      <marc:subfield code="s">736 Ko</marc:subfield>
      <marc:subfield code="u">https://publications.gc.ca/collections/collection_2019/efpc-csps/SC103-29-8-2011-3/SC103-29-8-2011-3-41-fra.mp3</marc:subfield>
      <marc:subfield code="z">No. 41</marc:subfield>
    </marc:datafield>
    <marc:datafield tag="856" ind1="4" ind2="0">
      <marc:subfield code="q">MP3</marc:subfield>
      <marc:subfield code="s">674 Ko</marc:subfield>
      <marc:subfield code="u">https://publications.gc.ca/collections/collection_2019/efpc-csps/SC103-29-8-2011-3/SC103-29-8-2011-3-42-fra.mp3</marc:subfield>
      <marc:subfield code="z">No. 42</marc:subfield>
    </marc:datafield>
    <marc:datafield tag="856" ind1="4" ind2="0">
      <marc:subfield code="q">MP3</marc:subfield>
      <marc:subfield code="s">754 Ko</marc:subfield>
      <marc:subfield code="u">https://publications.gc.ca/collections/collection_2019/efpc-csps/SC103-29-8-2011-3/SC103-29-8-2011-3-43-fra.mp3</marc:subfield>
      <marc:subfield code="z">No. 43</marc:subfield>
    </marc:datafield>
    <marc:datafield tag="856" ind1="4" ind2="0">
      <marc:subfield code="q">MP3</marc:subfield>
      <marc:subfield code="s">787 Ko</marc:subfield>
      <marc:subfield code="u">https://publications.gc.ca/collections/collection_2019/efpc-csps/SC103-29-8-2011-3/SC103-29-8-2011-3-44-fra.mp3</marc:subfield>
      <marc:subfield code="z">No. 44</marc:subfield>
    </marc:datafield>
    <marc:datafield tag="856" ind1="4" ind2="0">
      <marc:subfield code="q">MP3</marc:subfield>
      <marc:subfield code="s">754 Ko</marc:subfield>
      <marc:subfield code="u">https://publications.gc.ca/collections/collection_2019/efpc-csps/SC103-29-8-2011-3/SC103-29-8-2011-3-45-fra.mp3</marc:subfield>
      <marc:subfield code="z">No. 45</marc:subfield>
    </marc:datafield>
    <marc:datafield tag="856" ind1="4" ind2="0">
      <marc:subfield code="q">MP3</marc:subfield>
      <marc:subfield code="s">817 Ko</marc:subfield>
      <marc:subfield code="u">https://publications.gc.ca/collections/collection_2019/efpc-csps/SC103-29-8-2011-3/SC103-29-8-2011-3-46-fra.mp3</marc:subfield>
      <marc:subfield code="z">No. 46</marc:subfield>
    </marc:datafield>
    <marc:datafield tag="856" ind1="4" ind2="0">
      <marc:subfield code="q">MP3</marc:subfield>
      <marc:subfield code="s">800 Ko</marc:subfield>
      <marc:subfield code="u">https://publications.gc.ca/collections/collection_2019/efpc-csps/SC103-29-8-2011-3/SC103-29-8-2011-3-47-fra.mp3</marc:subfield>
      <marc:subfield code="z">No. 47</marc:subfield>
    </marc:datafield>
    <marc:datafield tag="856" ind1="4" ind2="0">
      <marc:subfield code="q">MP3</marc:subfield>
      <marc:subfield code="s">969 Ko</marc:subfield>
      <marc:subfield code="u">https://publications.gc.ca/collections/collection_2019/efpc-csps/SC103-29-8-2011-3/SC103-29-8-2011-3-48-fra.mp3</marc:subfield>
      <marc:subfield code="z">No. 48</marc:subfield>
    </marc:datafield>
    <marc:datafield tag="856" ind1="4" ind2="0">
      <marc:subfield code="q">MP3</marc:subfield>
      <marc:subfield code="s">895 Ko</marc:subfield>
      <marc:subfield code="u">https://publications.gc.ca/collections/collection_2019/efpc-csps/SC103-29-8-2011-3/SC103-29-8-2011-3-49-fra.mp3</marc:subfield>
      <marc:subfield code="z">No. 49</marc:subfield>
    </marc:datafield>
    <marc:datafield tag="856" ind1="4" ind2="0">
      <marc:subfield code="q">MP3</marc:subfield>
      <marc:subfield code="s">1.03 Mo</marc:subfield>
      <marc:subfield code="u">https://publications.gc.ca/collections/collection_2019/efpc-csps/SC103-29-8-2011-3/SC103-29-8-2011-3-50-fra.mp3</marc:subfield>
      <marc:subfield code="z">No. 50</marc:subfield>
    </marc:datafield>
    <marc:datafield tag="856" ind1="4" ind2="0">
      <marc:subfield code="q">MP3</marc:subfield>
      <marc:subfield code="s">1.02 Mo</marc:subfield>
      <marc:subfield code="u">https://publications.gc.ca/collections/collection_2019/efpc-csps/SC103-29-8-2011-3/SC103-29-8-2011-3-51-fra.mp3</marc:subfield>
      <marc:subfield code="z">No. 51</marc:subfield>
    </marc:datafield>
    <marc:datafield tag="856" ind1="4" ind2="0">
      <marc:subfield code="q">MP3</marc:subfield>
      <marc:subfield code="s">1.12 Mo</marc:subfield>
      <marc:subfield code="u">https://publications.gc.ca/collections/collection_2019/efpc-csps/SC103-29-8-2011-3/SC103-29-8-2011-3-52-fra.mp3</marc:subfield>
      <marc:subfield code="z">No. 52</marc:subfield>
    </marc:datafield>
    <marc:datafield tag="856" ind1="4" ind2="0">
      <marc:subfield code="q">MP3</marc:subfield>
      <marc:subfield code="s">1.13 Mo</marc:subfield>
      <marc:subfield code="u">https://publications.gc.ca/collections/collection_2019/efpc-csps/SC103-29-8-2011-3/SC103-29-8-2011-3-53-fra.mp3</marc:subfield>
      <marc:subfield code="z">No. 53</marc:subfield>
    </marc:datafield>
  </marc:record>
</marc:collection>
